Teste rápido de matemática - Teste curto de matemática - Quiz 5 - Statistics

Estatísticas Gerais
  • Esse quiz foi jogado 107 vezes
  • A pontuação média é 17 de 20
Estatísticas das Respostas
Hint Resposta % Correto
2 x 9 = 18
100%
10 : 5 = 2
100%
4 : 2 = 2
100%
50 : 10 = 5
100%
111 + 111 = 222
99%
45 + 45 = 90
99%
56 + 56 = 112
97%
8 x 8 = 64
96%
99 : 3 = 33
95%
126 + 27 = 153
92%
12 x 12 = 144
89%
183 x 2 = 366
88%
220 : 4 = 55
88%
78 - 39 = 39
82%
13 x13 = 169
79%
18 x 7 = 126
78%
151 - 98 = 53
78%
13 x 15 = 195
68%
555 : 3 = 185
61%
13 x 17 = 221
61%
Nenhum quiz correspondente encontrado
Distribuição das Pontuações
Porcentagem de Pessoas com Cada Pontuação
Percentil de Números Respondidos
Sua Pontuação Histórica
Você não jogou esse quiz